Global REIT survey (Record no. 109114)
[ view plain ]
| 000 -LEADER | |
|---|---|
| fixed length control field | 01390cad a22002295a 4500 |
| 001 - CONTROL NUMBER | |
| control field | L146320 |
| 008 - FIXED-LENGTH DATA ELEMENTS--GENERAL INFORMATION | |
| fixed length control field | 090109s2008 xxkado f s 000 0 eng d |
| 035 ## - SYSTEM CONTROL NUMBER | |
| System control number | (Sirsi) u146320 |
| 041 0# - LANGUAGE CODE | |
| Language code of text/sound track or separate title | eng |
| 050 04 - LIBRARY OF CONGRESS CALL NUMBER | |
| Classification number | 333.32 $2 18 |
| 110 2# - MAIN ENTRY--CORPORATE NAME | |
| Corporate name or jurisdiction name as entry element | European Public Real Estate Association |
| 9 (RLIN) | 5682 |
| 245 00 - TITLE STATEMENT | |
| Title | Global REIT survey |
| Remainder of title | 2008 |
| Medium | [electronic resource] |
| 260 ## - PUBLICATION, DISTRIBUTION, ETC. | |
| Place of publication, distribution, etc. | Amsterdam |
| Name of publisher, distributor, etc. | EPRA |
| Date of publication, distribution, etc. | 2008 |
| 505 2# - FORMATTED CONTENTS NOTE | |
| Formatted contents note | Europe: Belgium; Bulgaria; France; Germany; Greece; Israel; Italy; Lithuania; Luxembourg; Netherlands; Spain; Turkey; United Kingdom -- Asia: Australia; Dubai; Hong Kong; India; Japan; Malaysia; New Zealand; Pakistan; Philippines; Singapore; South Korea; Taiwan; Thailand -- Africa: South Africa -- Americas: Brazil; Canada; Chile; Costa Rica; Mexico; Puerto Rico; USA -- Attachments: REIT table |
| 520 ## - SUMMARY, ETC. | |
| Summary, etc. | The newest version of the European Public Real Estate Association (EPRA) survey covers REIT characteristics worldwide. Provides an overview of the market, commentary on the individual sectors and insight into new legislative developments. Also features new entries for India, Luxembourg and the Philippines. |
| 521 ## - TARGET AUDIENCE NOTE | |
| Target audience note | Advanced |
| 590 ## - LOCAL NOTE (RLIN) | |
| Local note | KA NTK |
| 651 #4 - SUBJECT ADDED ENTRY--GEOGRAPHIC NAME | |
| Geographic name | International |
| 690 ## - LOCAL SUBJECT ADDED ENTRY--TOPICAL TERM (OCLC, RLIN) | |
| Topical term or geographic name as entry element | PROPERTY-COMMERCIAL PROEPRTY |
| 856 40 - ELECTRONIC LOCATION AND ACCESS | |
| Uniform Resource Identifier | <a href="https://www.reita.org/live/Knowledge_centre/lib_property_global.html?14">https://www.reita.org/live/Knowledge_centre/lib_property_global.html?14</a> |
| Public note | View the item free of charge at www.reita.org... |
| 942 ## - ADDED ENTRY ELEMENTS (KOHA) | |
| Suppress in OPAC | 0 |
| Withdrawn status | Lost status | Source of classification or shelving scheme | Damaged status | Not for loan | Home library | Current library | Shelving location | Date acquired | Total Checkouts | Full call number | Barcode | Date last seen | Copy number | Price effective from | Koha item type |
|---|---|---|---|---|---|---|---|---|---|---|---|---|---|---|---|
| Dewey Decimal Classification | Virtual | Virtual | Online | 09/01/2009 | ONLINE PUBLICATION | 146320-1001 | 06/08/2019 | 1 | 06/08/2019 | Book |